Nigerian para rubber seed meal as an energy and protein source for rats fed soybean meal or peanut meal supplemented diets (Record no. 47344)
[ view plain ]
| 000 -LEADER | |
|---|---|
| fixed length control field | 01766nam a2200169Ia 4500 |
| 100 ## - MAIN ENTRY--AUTHOR NAME | |
| Personal name | Orok E J |
| 245 #0 - TITLE STATEMENT | |
| Title | Nigerian para rubber seed meal as an energy and protein source for rats fed soybean meal or peanut meal supplemented diets |
| 520 ## - SUMMARY, ETC. | |
| Summary, etc | Proximate, amino acid and fatty acid analyses were conducted on a sample of para rubber (Hevea brasiliensis) seeds (RS) obtained from Nigeria. The nutritive value of RS meal (RSM) for weanling Sprague-Dawley rats was tested with soyabean meal (SBM)-or peanut meal (PNM)-supplemented diets fed at three protein levels (20, 16 and 12;), by including in the diets 7.4 to 12.4;meal prepared from either fresh or autoclaved decorticated RS. The feeding period was 4 wk,in the last week of which energy and nitrogen digestibilities were determined followed by carcass analyses for protein, fat and ash. Kernels represented 57.0;of undecorticated RS meal from decorticated RS contained 3.9;moisture, 6.50 kcal gross energy/g, 43.3;crude fat, 18.3;crude protein, 3.8;crude fiber, 3.1;ash and 27.5;nitrogen-free extract. Rate of gain, energy and nitrogen digestibilities and carcass composition of rats fed diets containing RSM were comparable to those on the respective diets without RSM. Average food intake of rats fed RSM supplemented diets was lower (p<0.01) than that of rats on the SBM-supplemented diet. This lower consumption of diets containing RSM was consistent with their higher DE and ME (kcal/g food). Autoclaving RS had no consistent effects on the various measurements. |
| 650 ## - SUBJECT ADDED ENTRY--TOPICAL TERM | |
| Topical Term | Chemical composition |
| 650 ## - SUBJECT ADDED ENTRY--TOPICAL TERM | |
| Topical Term | Nigeria |
| 650 ## - SUBJECT ADDED ENTRY--TOPICAL TERM | |
| Topical Term | Nutritive value |
| 650 ## - SUBJECT ADDED ENTRY--TOPICAL TERM | |
| Topical Term | Rats diet |
| 650 ## - SUBJECT ADDED ENTRY--TOPICAL TERM | |
| Topical Term | Rubber seed meal |
| 700 ## - ADDED ENTRY--PERSONAL NAME | |
| Personal name | Bowland J P |
| 942 ## - ADDED ENTRY ELEMENTS (KOHA) | |
| Koha item type | Bibliography RLSE |
| Withdrawn status | Lost status | Damaged status | Not for loan | Home library | Current library | Date acquired | Koha item type |
|---|---|---|---|---|---|---|---|
| Bibliography | RRII Library | RRII Library | 31/12/2021 | Bibliography RLSE |